1357 1174 1513 1518 1753 1100 1637 1659 1209 1313 1823 1932 1490 1309 1999 1324 1850 1897 1878 1524 1725 1962 1682 1516 1865 1293 1098 1918 1598 1396 1184 1952 1219 1396 1264 1728 1544 1350 1310 1116 1695 1864 1635 1381 1007 1829 1497 1225 1630 1813 1541 1882 1229 1310 1097 1715 1837 1584 1359 1704 1742 1558 1313 1955 1406 1837 1307 1032 1951 1075 1770 1840 1369 1077 1389 1095 1314 1370 1437 1570 1092 1791 1124 1935 1165 1122 1801 1542 1386 1898 1401 1907 1646 1342 1602 1927 1318 1093 1539 BCNSPRNW ULIB Ver.6.0+V

เปลี่ยนเป็นภาษาไทย

Change to English
 แสดงรายละเอียดบรรณานุกรม
  กลับหน้าหลัก

Brief Record : Get Marc (ISO 2709) : E-mail record : QR code < ปิดหน้าต่าง
LEADER : 00000nam a2200000Ia 4500
001    13399128107
003     ULIB
008    210625s2564 th a b 000 0 tha d
020    ^a9786169129868
040    ^absi
060 04 ^aWT100^bป268
245 00 ^aประเด็นสำคัญในทางปฏิบัติสำหรับการดูแลผู้สูงอายุระยะยาว /^cบรรณาธิการ,วีรศักดิ์ เมืองไพศาล
250    ^aพิมพ์ครั้งที่ 1
260    ^aกรุงเทพฯ :^bสมาคมพฤฒาวิทยาและเวชศาสตร์ผู้สูงอายุไทย,^c2564
300    ^a236 หน้า :^bภาพประกอบ ;^c24 ซม.
650  4 ^aผู้สูงอายุ, การดูแล
650  4 ^aผู้สูงอายุ^xการดูแลระยะยาว
650  4 ^aเวชศาสตร์ผู้สูงอายุ
653    ^aผลงานอาจารย์คณะแพทยศาสตร์ศิริราชพยาบาล
700 0  ^aวีรศักดิ์ เมืองไพศาล,^eบรรณาธิการ
710 2  ^aสมาคมพฤฒาวิทยาและเวชศาสตร์ผู้สูงอายุไทย
910    ^aUC-Add Symbol
945    ^p300^l0^i29336
945    ^p300^l0^i29337
945    ^p300^l0^i29338
945    ^p300^l0^i29339
945    ^p300^l0^i29340
995    ^aกัณชพร
999    ^aกัณชพร
รายการนี้ยังไม่มีแท็ก
คุณยังไม่ได้ล็อกอิน คุณสามารถมีกิจกรรมร่วมกับเว็บไซต์ได้ แต่ต้องล็อกอินก่อน ::
  ล็อกอิน

รายการสื่อสารสนเทศ

ลำดับที่ ประเภท เลขเรียก/บาร์โค้ด สถานที่ สถานะ
1. หนังสือสำรอง
หนังสือสำรอง
WT100 ป268 ฉ.1 
  Barcode: 29336
ห้องสมุดวิทยาเขตนครสวรรค์
►หนังสือทั่วไป:l:General Books
บนชั้น
2. วิทยาศาสตร์การแพทย์ และสุขภาพ
วิทยาศาสตร์การแพทย์ และสุขภาพ
WT100 ป268 ฉ.2 
  Barcode: 29337
ห้องสมุดวิทยาเขตนครสวรรค์
►หนังสือทั่วไป:l:General Books
บนชั้น
3. วิทยาศาสตร์การแพทย์ และสุขภาพ
วิทยาศาสตร์การแพทย์ และสุขภาพ
WT100 ป268 ฉ.3 
  Barcode: 29338
ห้องสมุดวิทยาเขตนครสวรรค์
►หนังสือทั่วไป:l:General Books
บนชั้น
4. วิทยาศาสตร์การแพทย์ และสุขภาพ
วิทยาศาสตร์การแพทย์ และสุขภาพ
WT100 ป268 ฉ.4 
  Barcode: 29339
ห้องสมุดวิทยาเขตนครสวรรค์
►หนังสือทั่วไป:l:General Books
บนชั้น
5. วิทยาศาสตร์การแพทย์ และสุขภาพ
วิทยาศาสตร์การแพทย์ และสุขภาพ
WT100 ป268 ฉ.5 
  Barcode: 29340
ห้องสมุดวิทยาเขตนครสวรรค์
►หนังสือทั่วไป:l:General Books
บนชั้น

รายการใกล้เคียง
    หัวเรื่อง [ผู้สูงอายุ, การดูแล]
    หัวเรื่อง [ผู้สูงอายุ การดูแลระยะยาว]
    หัวเรื่อง [เวชศาสตร์ผู้สูงอายุ]

BibComment


ยังไม่เคยถูกคอมเมนท์

คอมเมนท์ทรัพยากรรายการนี้
  คอมเมนท์: ประเด็นสำคัญในทา..


 Copyright 2026. Bcnsprnw @Library